00860nam a2200229 a 450000100100000000500170001000800410002702000150006802000150008304000250009808200090012310000290013224000390016124500920020026000360029230000210032850000250034959000750037470000540044995201100050399900170061300003541820200930074328.0111031s1954 sp 000 0 spa d a8428601054 a8428601046 aDO-SdBNPbspacBNPHU aXXXX1 aKazantzaki, Nikos96125010aO xplotoc eavaoupovetallEspañol10aCristo de nuevo crucificado /cNikos Kazantzaki ; José Luis de Izquierdo Hernández. aBuenos Aires :bPomaire,c1954. a541 p. ;c20 cm. aTradicido del griego aPerteneció a la biblioteca personal de Juan Isidro Jimenes Grullón12aIzquierdo Hernández, José Luis deetr.961251 0010507-18MOaGRbGRcOId2011-10-31iLF1l0oXXXX p35418-10r2020-06-25w2020-06-25y1ZNo se presta c34909d34909